[Event "IX EICC"]
[Site "Plovdiv BUL"]
[Date "2008.05.01"]
[Round "10"]
[White "Lupulescu,C"]
[Black "Gurevich,M"]
[Result "1/2-1/2"]
[WhiteElo "2558"]
[BlackElo "2611"]

1.e4 e6 2.d4 d5 3.Nc3 Nf6 4.e5 Nfd7 5.Nce2 c5 6.c3 Nc6 7.f4 Qb6 8.Nf3 Be7
9.g3 O-O 10.Bh3 cxd4 11.cxd4 f6 12.Rf1 Kh8 13.Rf2 fxe5 14.fxe5 Ndxe5 15.dxe5 Bb4+
16.Nc3 Nxe5 17.a3 Bc5 18.Rf1 Nxf3+ 19.Rxf3 Bd7 20.Bf4 Bc6 21.Be5 Bf2+ 22.Kf1 Be3
23.Ke1 Bg1 24.Rxf8+ Rxf8 25.Qg4 Qe3+ 26.Qe2 Qh6 27.Qg4 Bf2+ 28.Kd1 d4 29.Bf4 Qf6
30.Qxe6 Qxe6 31.Bxe6 dxc3 32.bxc3 Re8 33.Ra2 Ba4+ 34.Kc1 Bc5 35.Bd5 b6 36.Kb2 Re2+
37.Kb1 Re1+ 38.Kb2 h6 39.Bb3 Bc6 40.Bc4 g5 41.Bb8 b5 42.Bd3 a5 43.c4 bxc4
44.Bxc4 Bd4+ 45.Kc2 Be4+ 46.Kd2 Rh1 47.Ke2 Rxh2+ 48.Ke1 Rh1+ 49.Ke2 Kg7 50.Rd2 Rh2+
51.Kd1 Rh1+ 52.Ke2 Bc5 53.Rd7+ Kf6 54.Rf7+ Kg6 55.Be5 Rh2+ 56.Ke1 Rh1+ 57.Kd2 Rh2+
58.Ke1 Rh1+ 59.Kd2 Rh2+  1/2-1/2

[Event "7th Open"]
[Site "Izmir TUR"]
[Date "2008.08.31"]
[Round "2"]
[White "Gurevich,M"]
[Black "Komut,B"]
[Result "1-0"]
[WhiteElo "1966"]
[BlackElo "1855"]

1.c4 e6 2.g3 d5 3.Bg2 Nf6 4.Nf3 Nbd7 5.b3 Bd6 6.d4 c6 7.O-O O-O 8.Bb2 Qe7
9.Nc3 dxc4 10.bxc4 e5 11.e3 Re8 12.Qb3 exd4 13.exd4 Nf8 14.Rfe1 Qd8 15.Rxe8 Qxe8
16.Re1 Qd8 17.d5 cxd5 18.cxd5 a6 19.Nd2 b5 20.Nce4 Nxe4 21.Nxe4 Bb7 22.Qc3 f6
23.Nxd6 Qxd6 24.Ba3 Qb6 25.Qb3 Kh8 26.Re7 Ng6 27.Rxb7 Qxb7 28.d6 Qc8 29.d7  1-0

[Event "7th Open"]
[Site "Izmir TUR"]
[Date "2008.08.31"]
[Round "3"]
[White "Bashkite,V"]
[Black "Gurevich,M"]
[Result "0-1"]
[WhiteElo "2157"]
[BlackElo "1966"]

1.e4 e6 2.d4 d5 3.exd5 exd5 4.Bd3 Nc6 5.c3 Be6 6.Qf3 Qd7 7.h3 O-O-O 8.Ne2 Re8
9.Bf4 f5 10.Nd2 Nf6 11.O-O-O Ne4 12.Be5 Nxe5 13.dxe5 Qa4 14.Bb1 Bd7 15.Nxe4 dxe4
16.Qg3 g6 17.f4 exf3 18.gxf3 Bh6+ 19.f4 Rxe5 20.Rd4 Qc6 21.Rhd1 Rxe2 22.Rxd7 Qb6  0-1

[Event "7th Open"]
[Site "Izmir TUR"]
[Date "2008.09.01"]
[Round "4"]
[White "Gurevich,M"]
[Black "Klinova,M"]
[Result "1-0"]
[WhiteElo "1966"]
[BlackElo "2290"]

1.c4 e5 2.Nc3 Bb4 3.Nd5 Be7 4.d4 exd4 5.Qxd4 Nf6 6.Nxe7 Qxe7 7.Qe3 Qxe3 8.Bxe3 Nc6
9.f3 d5 10.cxd5 Nxd5 11.Bc5 Ndb4 12.Kf2 b6 13.Bxb4 Nxb4 14.a3 Nc6 15.e4 Bb7
16.Rd1 O-O 17.Bb5 a6 18.Bc4 Ne5 19.Bb3 Rfd8 20.Ne2 c5 21.Ke3 Kf8 22.Nc3 c4
23.Bc2 b5 24.h3 Bc6 25.f4 Ng6 26.g3 Ne7 27.Rxd8+ Rxd8 28.Rd1 Ke8 29.Rxd8+ Kxd8
30.Kd4 Kc7 31.Kc5 Bd7 32.h4 h6 33.a4  1-0

[Event "7th Open"]
[Site "Izmir TUR"]
[Date "2008.09.06"]
[Round "9"]
[White "Gurevich,M"]
[Black "Esen,B"]
[Result "1/2-1/2"]
[WhiteElo "1966"]
[BlackElo "2448"]

1.c4 c5 2.g3 g6 3.Bg2 Bg7 4.Nc3 Nc6 5.Rb1 d6 6.a3 a5 7.e3 e5 8.Nge2 Nge7
9.d3 O-O 10.O-O Rb8 11.Bd2 Bf5 12.Qc2 Qd7 13.Nb5 b6 14.Nec3 Rfd8 15.Rbe1 Bh3
16.e4 Bxg2 17.Kxg2 Rf8 18.f3 f5 19.Bg5 Bf6 20.Bh6 Rf7 21.Qd2 Kh8 22.Be3 Rbf8
23.Ne2 h5 24.h3 Rg8 25.Rh1 g5 26.g4 fxe4 27.dxe4 Nd4 28.Bxd4 exd4 29.h4 Rh7
30.gxh5 gxh4+ 31.Kf2 Bg5 32.f4 Bh6 33.Rxh4 Rhg7 34.Rg1 Qe6 35.Rxg7 Rxg7 36.Kf3 Nc6
37.Nbxd4 cxd4 38.Nxd4 Qxc4 39.Nxc6 Qxc6 40.Rg4 Rxg4 41.Kxg4 Qxe4 42.Qxd6 Qe2+
43.Kg3 Qe3+ 44.Kg4 Bg7 45.b4 Qxa3 46.h6 Bb2 47.Qd8+ Kh7 48.Qc7+ Kg8 49.Qc8+ Kh7
50.Qc7+ Kg8  1/2-1/2

[Event "1st WMSG Blitz Ind"]
[Site "Beijing CHN"]
[Date "2008.10.04"]
[Round "1"]
[White "Gurevich,M1"]
[Black "Markos,J"]
[Result "1-0"]
[WhiteElo "2634"]
[BlackElo "2557"]

1.c4 Nf6 2.Nc3 g6 3.g3 Bg7 4.Bg2 O-O 5.d3 e5 6.e3 c6 7.e4 Na6 8.Nge2 d6 9.O-O Nc7
10.h3 d5 11.exd5 cxd5 12.Bg5 d4 13.Ne4 h6 14.Nxf6+ Bxf6 15.Bxh6 Re8 16.Qd2 Kh7
17.h4 Rh8 18.Bg5 Kg7 19.Bxf6+ Qxf6 20.f4 Bg4 21.Rae1 Rae8 22.fxe5 Qxe5 23.Nf4 Qd6
24.Bxb7 Ne6 25.Bd5 Nxf4 26.Rxf4 f5 27.Kg2 Rxe1 28.Qxe1 Rxh4 29.Qf2 Bh3+ 30.Kh2 Rh8
31.Qxd4+ Qf6 32.Qxf6+ Kxf6 33.Rh4 Rxh4 34.gxh4 Bg4 35.d4 f4 36.Kg2 Bc8 37.Kf3 g5
38.hxg5+ Kxg5 39.Be4 Bg4+ 40.Kf2 Kf6 41.b4 Ke7 42.c5 Be6 43.Kf3 Bxa2 44.Kxf4 Kf6
45.d5 Bb3 46.d6 Ke6 47.Bf5+ Kf7 48.Ke5 Ba4 49.Be4 Ke8 50.c6 Kd8 51.c7+ Kc8
52.Bf5+  1-0

[Event "1st WMSG Blitz Ind"]
[Site "Beijing CHN"]
[Date "2008.10.04"]
[Round "2"]
[White "Adianto,U"]
[Black "Gurevich,M1"]
[Result "1-0"]
[WhiteElo "2554"]
[BlackElo "2634"]

1.d4 d5 2.c4 c6 3.Nf3 Nf6 4.e3 Bf5 5.Nc3 e6 6.Bd3 Bxd3 7.Qxd3 Nbd7 8.O-O Be7
9.e4 dxe4 10.Nxe4 Nxe4 11.Qxe4 O-O 12.Bf4 a5 13.Rad1 a4 14.Rfe1 Re8 15.h3 Qb6
16.Qc2 Qa5 17.Ne5 Rad8 18.Re3 Bf6 19.Ng4 Be7 20.Rg3 g6 21.Nh6+ Kf8 22.Rf3 Bf6
23.Be5 Ke7 24.c5 Rf8 25.Bd6+ Ke8 26.Bxf8 Kxf8 27.Ng4 Bg7 28.Ra3 Ra8 29.Ne3 Qb4
30.Nc4 Ke7 31.Qc3 Qxc3 32.bxc3 Ra7 33.Rb1 e5 34.Nd6 Kf8 35.Rxb7 Rxb7 36.Nxb7 exd4
37.cxd4 Bxd4 38.Rxa4 Be5 39.Ra8+ Ke7 40.a4 Bd4 41.Rc8 Ne5 42.a5 Kd7 43.Rg8 Kc7
44.a6 Nd3 45.a7  1-0

[Event "1st WMSG Blitz Ind"]
[Site "Beijing CHN"]
[Date "2008.10.04"]
[Round "10"]
[White "Drozdovskij,Y"]
[Black "Gurevich,M1"]
[Result "1-0"]
[WhiteElo "2587"]
[BlackElo "2634"]

1.Nf3 d5 2.d4 c6 3.c4 Nf6 4.e3 Bf5 5.Nc3 e6 6.Nh4 Bg6 7.Nxg6 hxg6 8.Bd2 Nbd7
9.g3 Bd6 10.Qe2 Qe7 11.Bg2 dxc4 12.Qxc4 e5 13.dxe5 Nxe5 14.Qe2 g5 15.h3 Qe6
16.e4 g4 17.hxg4 Rxh1+ 18.Bxh1 Nexg4 19.f4 Bc5 20.O-O-O Nf2 21.Rf1 Nxh1 22.Rxh1 O-O-O
23.e5 Nd5 24.Ne4 Be7 25.Kb1 f6 26.exf6 Nxf6 27.Re1 Qf5 28.Kc1 Nd5 29.a3 g6
30.Qf3 Nf6 31.Bc3 Nxe4 32.Qxe4 Qxe4 33.Rxe4 Kd7 34.Kd2 Rf8 35.Ke3 Bd6 36.Kf3 Rf5
37.g4 Rd5 38.Re3 Rd1 39.Ke4 Ke6 40.f5+ gxf5+ 41.gxf5+ Kf7 42.Rh3 Re1+ 43.Bxe1  1-0

[Event "1st WMSG Blitz Pair"]
[Site "Beijing CHN"]
[Date "2008.10.08"]
[Round "3"]
[White "Gurevich,M1"]
[Black "Zhang Zhong"]
[Result "0-1"]
[WhiteElo "2634"]
[BlackElo "2649"]

1.c4 e5 2.Nc3 Nf6 3.Nf3 Nc6 4.a3 d5 5.cxd5 Nxd5 6.Qc2 Be7 7.e3 O-O 8.Bd3 h6
9.b4 Ndxb4 10.axb4 Nxb4 11.Bh7+ Kh8 12.Qb1 f5 13.Bg6 Nd3+ 14.Kf1 Rf6  0-1

[Event "1st WMSG Blitz Pair"]
[Site "Beijing CHN"]
[Date "2008.10.08"]
[Round "10"]
[White "Kojima,S"]
[Black "Gurevich,M1"]
[Result "0-1"]
[WhiteElo "2272"]
[BlackElo "2634"]

1.Nf3 d5 2.d4 c6 3.c4 Nf6 4.e3 Bf5 5.Nc3 e6 6.Nh4 Bg6 7.Be2 Nbd7 8.O-O Bd6
9.g3 Qe7 10.b3 Be4 11.f3 Bg6 12.Bb2 Nh5 13.f4 Nhf6 14.Nxg6 hxg6 15.Bf3 g5
16.fxg5 Ng8 17.e4 Qxg5 18.e5 Bb4 19.Qc1 Qxc1 20.Raxc1 Ne7 21.cxd5 exd5 22.Ne2 Nf8
23.Nf4 Nf5 24.a3 Bd2 25.Rb1 Be3+ 26.Kg2 Bxd4 27.Bxd4 Nxd4 28.b4 a6 29.Rfd1 Nfe6
30.Nxe6 Nxe6 31.Bg4 Ke7 32.Rf1 Rad8 33.Rf2 d4 34.Rbf1 Rhf8 35.Kf3 Ng5+ 36.Ke2 Ne4
37.Rf4 Nc3+ 38.Kd3 Nb5 39.a4 Nc3 40.Rxd4 Rxd4+ 41.Kxd4 Nxa4 42.Bh5 g6 43.Be2 Rd8+
44.Ke3 Nc3 45.Bc4 Nd5+ 46.Ke4 Rd7 47.h4 Ke8 48.g4 Kf8 49.h5 Kg7 50.Rh1 Nxb4
51.e6 fxe6 52.hxg6 Kxg6 53.Ke5 Nd3+ 54.Kxe6 Nc5+ 55.Ke5 b5 56.Ba2 Kg5 57.Rc1 Nd3+
58.Ke6 Nxc1 59.Kxd7 Nxa2 60.Kxc6 b4  0-1

[Event "1st WMSG Blitz Team"]
[Site "Beijing CHN"]
[Date "2008.10.13"]
[Round "5"]
[White "Gurevich,M1"]
[Black "Kulaots,K"]
[Result "1/2-1/2"]
[WhiteElo "2634"]
[BlackElo "2556"]

1.c4 Nf6 2.Nc3 e6 3.Nf3 d5 4.d4 dxc4 5.e3 a6 6.a4 c5 7.Bxc4 Nc6 8.O-O Be7
9.b3 O-O 10.Bb2 Qc7 11.Qe2 b6 12.Rfd1 Bb7 13.Rac1 Rfd8 14.h3 Nb4 15.e4 cxd4
16.Nxd4 Bc5 17.Nf3 h6 18.e5 Bxf3 19.gxf3 Nh5 20.Qe4 Ng3 21.Qe1 Nf5 22.Ne4 Rxd1
23.Rxd1 Rd8 24.Rd2 Qe7 25.Qd1 Rxd2 26.Qxd2 Qh4 27.Kg2 Qh5 28.Qf4 Nh4+ 29.Kg3 Nf5+
30.Kh2 Nh4 31.Qg4 Nxf3+ 32.Kg3 Qxg4+ 33.hxg4 Nd4 34.f4 Ndc6 35.Kf3 Kf8 36.f5 Bd4
37.Bxd4 Nxd4+ 38.Kf4 Ndc6 39.fxe6 fxe6 40.Bxe6 Nd3+ 41.Ke3 Ndxe5 42.Ng5 Ke7
43.Bg8 Kd6 44.Ne4+ Ke7 45.Nc3 Kd6 46.Ne4+ Ke7 47.Nc3 Nb4 48.Kd4 Nec6+ 49.Kc4 g5
50.Bh7 Ke6 51.Bg6 Ke5 52.Be8 b5+ 53.axb5 axb5+ 54.Kc5 Nc2 55.Kxb5 N2d4+ 56.Kc4 Nxb3
57.Kxb3 Kd4 58.Ne4 Ke5  1/2-1/2

[Event "1st WMSG Blitz Team"]
[Site "Beijing CHN"]
[Date "2008.10.13"]
[Round "11"]
[White "Gurevich,M1"]
[Black "Batchuluun,C"]
[Result "1-0"]
[WhiteElo "2634"]
[BlackElo "2346"]

1.c4 c5 2.g3 Nf6 3.Bg2 Nc6 4.Nc3 e6 5.Nf3 d5 6.cxd5 Nxd5 7.O-O Be7 8.d4 cxd4
9.Nxd4 Nxc3 10.bxc3 Bd7 11.Rb1 Qc8 12.Nb5 O-O 13.Nd6 Bxd6 14.Qxd6 Na5 15.Rd1 Bc6
16.Bxc6 Qxc6 17.Qxc6 bxc6 18.Bf4 Rfc8 19.Rd7 f6 20.Bc7 Nc4 21.Rb7 e5 22.f4 Rf8
23.Kf2 Rf7 24.Rxf7 Kxf7 25.Bxe5+ Kg6 26.Bd4 a5 27.Rc7 Ra6 28.g4 h5 29.f5+ Kh6
30.h3 hxg4 31.hxg4 a4 32.Kf3 a3 33.Ke4 Nd6+ 34.Kd3 Nb5 35.Be3+ Kh7 36.Rd7 Ra4
37.c4 Rb4 38.cxb5 cxb5 39.Bd4 Kh6 40.e4 Rb1 41.e5 fxe5 42.Be3+ Kh7 43.Ke4 Kg8
44.g5 b4 45.g6 Kf8 46.Rd8+ Ke7 47.Bg5+  1-0

[Event "1st WMSG Rapid Team"]
[Site "Beijing CHN"]
[Date "2008.10.15"]
[Round "3"]
[White "Fier,A"]
[Black "Gurevich,M1"]
[Result "0-1"]
[WhiteElo "2581"]
[BlackElo "2634"]

1.e4 e6 2.d4 d5 3.Nc3 Nf6 4.Bg5 dxe4 5.Nxe4 Be7 6.Bxf6 Bxf6 7.Nf3 Nd7 8.Qd2 O-O
9.O-O-O b6 10.Bd3 Bb7 11.h4 Be7 12.Neg5 h6 13.Bh7+ Kh8 14.Be4 Bxe4 15.Nxe4 Nf6
16.Nxf6 Bxf6 17.Qe2 Qd5 18.Kb1 g6 19.g4 Bg7 20.Ne5 Rad8 21.f4 Bxe5 22.dxe5 Qc5
23.h5 Kg7 24.hxg6 Rxd1+ 25.Qxd1 fxg6 26.Qd2 Qd5 27.Qh2 Rh8 28.a3 h5 29.f5 h4
30.Rf1 h3 31.fxg6 Qd4 32.Qg3 Kxg6 33.Qh2 Kg5 34.Ka2 Qc4+ 35.b3 Qxf1 36.Qd2+ Qf4
37.Qd7 Qxe5  0-1

[Event "1st WMSG Rapid Team"]
[Site "Beijing CHN"]
[Date "2008.10.16"]
[Round "8"]
[White "Stefansson,H"]
[Black "Gurevich,M1"]
[Result "1/2-1/2"]
[WhiteElo "2575"]
[BlackElo "2634"]

1.e4 e6 2.d4 d5 3.Nc3 Nf6 4.Bg5 dxe4 5.Nxe4 Nbd7 6.Nf3 h6 7.Nxf6+ Nxf6 8.Bh4 c5
9.Bd3 cxd4 10.Nxd4 Be7 11.O-O O-O 12.Nf3 b6 13.Qe2 Bb7 14.Rad1 Qc7 15.Ne5 Rad8
16.Rfe1  1/2-1/2

[Event "1st WMSG Rapid Team"]
[Site "Beijing CHN"]
[Date "2008.10.16"]
[Round "9"]
[White "Gurevich,M1"]
[Black "Ghaem Maghami,E"]
[Result "0-1"]
[WhiteElo "2634"]
[BlackElo "2599"]

1.c4 Nf6 2.Nc3 c5 3.g3 e6 4.Nf3 b6 5.Bg2 Bb7 6.O-O Be7 7.Re1 d6 8.e4 a6 9.d4 cxd4
10.Nxd4 Qc7 11.Be3 Nbd7 12.Rc1 O-O 13.f4 Rac8 14.f5 e5 15.Nb3 Qb8 16.Qe2 Qa8
17.Nd2 b5 18.g4 h6 19.h4 b4 20.Nd5 Nxd5 21.exd5 Bxh4 22.Rf1 Nf6 23.Nf3 Bg3
24.g5 hxg5 25.Nxg5 Bf4 26.Bxf4 exf4 27.Qf2 Rfe8 28.Qxf4 Re5 29.Rfe1 Rce8
30.Rxe5 Rxe5 31.Nf3 Re2 32.Qd4 Qe8 33.Kf1 Bc8 34.Re1 Rxe1+ 35.Nxe1 Bxf5 36.Qf4 Qd7
37.Nf3 Bb1 38.Nd4 Bxa2 39.Nc6 Qg4 40.Qxg4 Nxg4 41.c5 dxc5 42.d6 Be6 43.Nb8 Ne5
44.Kf2 a5 45.Nc6 Nxc6 46.Bxc6 Kf8 47.Ke3 g5 48.Ke4 f6 49.Ke3 f5 50.Kf3 Kf7
51.Ke3 Kf6 52.Kd3 f4 53.Ke4 c4 54.Kd4 g4 55.Bb5 f3 56.Ke3 c3 57.bxc3 bxc3
58.Ba4 Ke5 59.d7 c2 60.d8=Q c1=Q+ 61.Kf2 Qc5+ 62.Kg3 Qg1+ 63.Kh4 Qh2+ 64.Kg5 Qf4+
65.Kg6 Qf7+ 66.Kg5 Qg7+ 67.Kh4 Qf6+ 68.Qxf6+ Kxf6 69.Kg3 Ke5  0-1

[Event "38th Olympiad"]
[Site "Dresden GER"]
[Date "2008.11.16"]
[Round "4"]
[White "Kazhgaleyev,M"]
[Black "Gurevich,M1"]
[Result "1-0"]
[WhiteElo "2640"]
[BlackElo "2634"]

1.d4 d5 2.c4 c6 3.Nc3 Nf6 4.Nf3 e6 5.Bg5 Be7 6.e3 Nbd7 7.Bd3 O-O 8.O-O h6
9.Bh4 dxc4 10.Bxc4 b5 11.Bd3 Bb7 12.Rc1 Rc8 13.Qe2 b4 14.Na4 c5 15.Ba6 Bxa6
16.Qxa6 Ne4 17.Bxe7 Qxe7 18.Rc2 e5 19.Rfc1 exd4 20.exd4 Rfe8 21.h3 Nb8 22.Qd3 Nd7
23.Ne5 Nxe5 24.Qxe4 Nc6 25.Qxe7 Nxe7 26.dxc5 Nc6 27.Rd1 Kf8 28.Kf1 Rc7 29.Rd6 Rec8
30.Re2 Nd8 31.Re4 Nb7 32.Rd5 Nxc5 33.Nxc5 Rxc5 34.Rxc5 Rxc5 35.Rxb4 h5 36.Ke2 Rc2+
37.Kf3 a5 38.Rb8+ Ke7 39.h4 a4 40.a3 g6 41.Rb6 Kf8 42.Ke3 Ke7 43.g3 f6 44.Rb5 Ke6
45.f3 Rg2 46.Kf4 Rf2 47.Rb6+ Ke7 48.Rb4 Kf7 49.Ke3 Rg2 50.g4 g5 51.hxg5 fxg5
52.gxh5 Kg7 53.Rb6 Kh7 54.Ke4 Rg3 55.Kf5 Rxf3+ 56.Kxg5 Rg3+ 57.Kf4 Rd3 58.Rb4 Rd2
59.Ke3 Rh2 60.Rxa4  1-0

[Event "6th ch-Mediterranean"]
[Site "Antalya TUR"]
[Date "2009.01.11"]
[Round "1"]
[White "Plesec,D"]
[Black "Gurevich,M1"]
[Result "0-1"]
[WhiteElo "2317"]
[BlackElo "2624"]

1.d4 d6 2.Nf3 g6 3.g3 Bg7 4.Bg2 f5 5.O-O Nf6 6.c4 O-O 7.Nc3 Qe8 8.d5 Na6
9.Qc2 c6 10.a3 e5 11.dxe6 Bxe6 12.Bf4 Rd8 13.Rad1 Qe7 14.Na4 Ne4 15.Nd2 d5
16.Nxe4 dxe4 17.Rxd8 Rxd8 18.Be3 Bd4 19.Bc1 Qf7 20.b3 b5 21.Nb2 Nc7 22.Rd1 Rd7
23.e3 Bf6 24.Bf1 a6 25.Rxd7 Qxd7 26.Nd1 Ne8 27.Bb2 Kg7 28.Bxf6+ Nxf6 29.Nb2 Qd6
30.cxb5 cxb5 31.a4 Qb4 32.axb5 axb5 33.Qc7+ Bd7 34.Nd1 Qxb3 35.Nc3 b4 36.Ne2 Qd5
37.Nd4 Ne8 38.Qb6 Qd6 39.Qb7 Nf6 40.Bc4 Kf8 41.h3 g5 42.Kg2 f4 43.Nc2 fxg3
44.Qxb4 Qxb4 45.Nxb4 gxf2 46.Bf1 h5 47.Kxf2 h4 48.Nc2 Ke7 49.Nd4 Kd6 50.Kg2 Kc5
51.Kf2 Kb4 52.Bg2 Kc3 53.Ke2 Kb4 54.Kf2 Kc4 55.Bf1+ Kd5 56.Ne2 Ke5 57.Bg2 Nd5
58.Nd4 Nf6 59.Ne2 g4 60.Nf4 g3+ 61.Ke2 Be8 62.Kd2 Nd5 63.Ne2 Bh5 64.Ng1 Nf6
65.Bf1 Nh7 66.Be2 Be8 67.Bf1 Ng5 68.Bg2 Bh5 69.Ne2 Nf3+  0-1

[Event "6th ch-Mediterranean"]
[Site "Antalya TUR"]
[Date "2009.01.12"]
[Round "3"]
[White "Erdogdu,M"]
[Black "Gurevich,M1"]
[Result "0-1"]
[WhiteElo "2460"]
[BlackElo "2624"]

1.e4 e6 2.d4 d5 3.Nc3 Nf6 4.Bg5 dxe4 5.Nxe4 Nbd7 6.Nf3 h6 7.Nxf6+ Nxf6 8.Be3 Bd6
9.Bd3 b6 10.Qe2 Bb7 11.O-O-O Nd5 12.Ne5 Qf6 13.Bb5+ c6 14.Bxc6+ Bxc6 15.Nxc6 O-O
16.Ne5 Rfc8 17.Nd3 a5 18.Qf3 Qg6 19.a3 Ra7 20.Kd2 Rac7 21.Rc1 b5 22.g3 b4
23.axb4 Rxc2+ 24.Rxc2 Rxc2+ 25.Kxc2 Nxb4+ 26.Kb3 Qxd3+ 27.Ka4 Qc2+ 28.Kb5 Nd5
29.Bc1 Qc8 30.Qd1 Nb4 31.Qf3 Qa6+ 32.Ka4 Nd5 33.Qb3 Nb6+  0-1

[Event "6th ch-Mediterranean"]
[Site "Antalya TUR"]
[Date "2009.01.13"]
[Round "5"]
[White "Aroshidze,L"]
[Black "Gurevich,M1"]
[Result "1/2-1/2"]
[WhiteElo "2526"]
[BlackElo "2624"]

1.e4 e6 2.d4 d5 3.Nc3 Nf6 4.Bg5 dxe4 5.Nxe4 Nbd7 6.Nf3 h6 7.Nxf6+ Nxf6 8.Bh4 c5
9.Bb5+ Bd7 10.Bxd7+ Qxd7 11.Qe2 Be7 12.dxc5 O-O 13.O-O Bxc5 14.c4 Rfd8 15.Rad1  1/2-1/2

[Event "6th ch-Mediterranean"]
[Site "Antalya TUR"]
[Date "2009.01.14"]
[Round "6"]
[White "Gurevich,M1"]
[Black "Georgiadis,I"]
[Result "1/2-1/2"]
[WhiteElo "2624"]
[BlackElo "2383"]

1.c4 Nf6 2.Nc3 e6 3.Nf3 Bb4 4.Qc2 O-O 5.a3 Bxc3 6.Qxc3 d6 7.g3 e5 8.Bg2 Re8
9.d3 Nc6 10.O-O Bg4 11.Re1 a5 12.h3 Bxf3 13.Bxf3 e4 14.Bg2 h6 15.b3 d5 16.cxd5 Nxd5
17.Qc5 Qf6 18.Bd2 Qd4 19.Rac1 Nf6 20.Be3 Qxc5 21.Rxc5 Rad8 22.Rec1 exd3 23.exd3 Rxd3
24.Rb5 a4 25.bxa4 Rxa3 26.Rxb7 Nd8 27.Rb4 Ne6 28.Rbb1 Rxa4 29.Bc6 Raa8 30.Bxa8 Rxa8
31.Ra1 Rb8 32.Rcb1 Rc8 33.Rb5 Kf8 34.Rba5 Ke7 35.Ra8 Rxa8 36.Rxa8 Nd5 37.Bc1 Kd6
38.Kf1 c5 39.Ra6+ Ke5 40.Bb2+ Ke4 41.Ke2 Ndc7 42.Rd6 Kf5 43.Kd3 g5 44.Rd7 Kg6
45.Be5 Ne8 46.Kc4 Kf5 47.Bb2 Ke4 48.Rd3 h5 49.Re3+ Kf5 50.Re5+ Kg6 51.Rd5 h4
52.gxh4 gxh4 53.Be5 f6 54.Bb8 N8g7 55.Rd3 Nh5 56.Ra3 Kf5 57.Kd5 Ng5 58.Kxc5 Nf4
59.Bxf4 Kxf4 60.Kd5 f5 61.Ra4+ Ne4 62.Ke6 Kf3 63.Kxf5 Nxf2 64.Rxh4 Kg3 65.Ra4 Nxh3
66.Ra3+ Kg2 67.Ra2+ Kg3 68.Ra3+ Kg2 69.Ke4 Ng5+ 70.Ke5 Nh3 71.Kd4 Ng5 72.Rb3 Kf2
73.Rb5 Nf3+ 74.Kd3 Ne1+ 75.Ke4 Ng2 76.Rb3 Nh4 77.Ra3 Ng2 78.Rf3+ Ke2 79.Rf8 Ne3
80.Ra8 Nf1 81.Ra2+ Nd2+ 82.Kd4 Ke1 83.Kd3 Nf1 84.Rg2 Kd1 85.Re2 Ng3 86.Re8 Nf1
87.Re7 Ng3 88.Re6 Nf1 89.Re8 Ng3 90.Rg8 Ne2 91.Ke3 Nc1 92.Rg2 Nb3 93.Rb2 Nc1
94.Rd2+ Ke1 95.Rd8 Nb3 96.Rh8 Kd1 97.Rc8 Nc1 98.Rc7 Nb3 99.Rc3 Nc1 100.Rxc1+ Kxc1
101.Ke4  1/2-1/2

[Event "6th ch-Mediterranean"]
[Site "Antalya TUR"]
[Date "2009.01.17"]
[Round "9"]
[White "Mohr,G"]
[Black "Gurevich,M1"]
[Result "1/2-1/2"]
[WhiteElo "2488"]
[BlackElo "2624"]

1.d4 d5 2.c4 c6 3.Nf3 Nf6 4.Nc3 e6 5.Bg5 h6 6.Bxf6 Qxf6 7.e3 Nd7 8.Qc2 Qd8
9.Bd3 Be7 10.O-O O-O 11.a3 a5 12.Rfd1 dxc4 13.Bxc4 b5 14.Ba2 Bb7 15.Rac1 b4
16.Bb1 g6 17.axb4 axb4 18.Ne4 Qa5 19.Nfd2 Rfd8 20.Nb3 Qa4 21.Nec5 Nxc5 22.Nxc5 Qxc2
23.Rxc2 Ba6 24.Nxa6 Rxa6 25.Rdc1  1/2-1/2

[Event "7th Gibtelecom Masters"]
[Site "Caleta ENG"]
[Date "2009.01.27"]
[Round "1"]
[White "Miedema,R"]
[Black "Gurevich,M"]
[Result "0-1"]
[WhiteElo "2325"]
[BlackElo "2624"]

1.d4 f5 2.g3 Nf6 3.Bg2 d6 4.c4 e5 5.Nc3 c6 6.e4 fxe4 7.dxe5 dxe5 8.Qxd8+ Kxd8
9.Nxe4 Be6 10.b3 Nbd7 11.Bb2 Bb4+ 12.Kf1 Bf5 13.Nxf6 Nxf6 14.Rd1+ Ke7 15.Bxe5 Rad8
16.Bd4 Bc2 17.Bxf6+ Kxf6 18.Rxd8 Rxd8 19.Bf3 Rd2 20.Kg2 Bd3 21.Nh3 Rxa2 22.Nf4 Bc2
23.Bd1 Be4+ 24.Bf3 Bxf3+ 25.Kxf3 Rb2 26.Kg4 Rxb3 27.Nh5+ Kf7 28.Rd1 g6 29.Nf4 Be7
30.Nd3 a5 31.Ne5+ Ke8 32.Ra1 Bb4 33.Ra2 Ke7 34.Kg5 Kd6 35.f4 b5 36.Kh6 a4
37.Kxh7 a3 38.Kxg6 Bc3 39.cxb5 cxb5 40.h4 Kd5 41.h5 Bxe5 42.fxe5 Rxg3+ 43.Kf6 Rf3+
44.Ke7 Re3 45.Rd2+ Kxe5 46.Rh2 Kd5+ 47.Kd7 Rf3 48.Ke7 Rg3 49.h6 Rg8 50.Kf7 Ra8
51.h7 b4 52.Rh5+ Kc4 53.Ra5 Rh8 54.Kg7 Rxh7+ 55.Kxh7 Kb3  0-1

[Event "7th Gibtelecom Masters"]
[Site "Caleta ENG"]
[Date "2009.01.29"]
[Round "3"]
[White "Papp,Ga"]
[Black "Gurevich,M"]
[Result "1/2-1/2"]
[WhiteElo "2517"]
[BlackElo "2624"]

1.e4 e6 2.d4 d5 3.Nc3 Nf6 4.Bg5 dxe4 5.Nxe4 Nbd7 6.Nf3 h6 7.Nxf6+ Nxf6 8.Bh4 c5
9.c3 cxd4 10.Nxd4 Bc5 11.Bb5+ Bd7 12.Bxf6 Qxf6 13.Bxd7+ Kxd7 14.O-O Ke7 15.Qb3 Rab8
16.Rad1 Rhd8 17.Rd3 Bxd4 18.Qa3+ Ke8 19.cxd4 Qe7 20.Qxa7 Ra8 21.Qb6 Rxa2
22.d5 Ra6 23.Qb5+ Qd7 24.Qb4 Qe7 25.Qb5+ Qd7 26.Qb4 Qe7 27.Qb5+ Qd7 28.Qb4  1/2-1/2

[Event "7th Gibtelecom Masters"]
[Site "Caleta ENG"]
[Date "2009.02.01"]
[Round "6"]
[White "Gurevich,M"]
[Black "Kiik,K"]
[Result "1-0"]
[WhiteElo "2624"]
[BlackElo "2466"]

1.d4 d6 2.Bg5 h6 3.Bh4 c6 4.c4 Qb6 5.Qd2 g5 6.Bg3 Bg7 7.e3 c5 8.Ne2 Nc6 9.Nbc3 cxd4
10.exd4 Qa5 11.a3 Bf5 12.Ra2 Bg6 13.f3 Rc8 14.Bf2 Qd8 15.b3 e6 16.d5 exd5
17.Nxd5 Nge7 18.Nec3 O-O 19.Be2 Nxd5 20.Nxd5 Bb1 21.Rb2 Bg6 22.O-O Bxb2 23.Qxb2 f6
24.Be1 Ne5 25.Bc3 Rf7 26.f4 gxf4 27.Rxf4 Qf8 28.Qd2 Re8 29.Rh4 Kh7 30.Bd4 f5
31.Be3 Ng4 32.Bf4 Rfe7 33.Bxg4 Re1+ 34.Kf2 fxg4 35.Rxh6+ Kg7 36.Qd4+ R8e5
37.Kg3 Re4 38.Bxe5+ Rxe5 39.Rh4 Qf1 40.Rxg4 Qe1+ 41.Qf2  1-0

[Event "7th Gibtelecom Masters"]
[Site "Caleta ENG"]
[Date "2009.02.03"]
[Round "8"]
[White "Dzagnidze,N"]
[Black "Gurevich,M"]
[Result "1/2-1/2"]
[WhiteElo "2518"]
[BlackElo "2624"]

1.d4 d6 2.c4 f5 3.e4 fxe4 4.Nc3 Nf6 5.f3 Nc6 6.d5 Ne5 7.f4 Nf7 8.Nge2 e5
9.Ng3 g6 10.Be2 exf4 11.Bxf4 Bg7 12.O-O O-O 13.Qd2 Bf5 14.h3 Qd7 15.Rf2 Rae8
16.Raf1 a6 17.Nd1 Ne5 18.Nxf5 gxf5 19.Be3 Kh8 20.Bd4 e3 21.Qxe3 Neg4 22.hxg4 Rxe3
23.Nxe3 Ne4 24.Rxf5 Bxd4 25.Rxf8+ Kg7 26.R8f3 Nd2 27.Rf7+ Qxf7 28.Rxf7+ Kxf7
29.Kf2 Ne4+ 30.Kf3 Ng5+ 31.Kf4 Kf6 32.Nd1 a5 33.Bd3 h6 34.Bf5 b6 35.Bd7  1/2-1/2

[Event "7th Gibtelecom Masters"]
[Site "Caleta ENG"]
[Date "2009.02.04"]
[Round "9"]
[White "Gurevich,M"]
[Black "Gordon,S"]
[Result "1/2-1/2"]
[WhiteElo "2624"]
[BlackElo "2524"]

1.c4 Nf6 2.Nc3 e5 3.Nf3 Nc6 4.a3 d5 5.cxd5 Nxd5 6.Qc2 Nxc3 7.bxc3 Bd6 8.g3 O-O
9.Bg2 Re8 10.d3 Na5 11.O-O c5 12.c4 Bd7 13.Nd2 Nc6 14.e3 Bf8 15.Ne4 Bf5 16.Bb2 Qd7
17.Rfd1 Rad8 18.Rd2 Bh3 19.Bh1 Qf5 20.Nc3 Re6 21.Nd5 Rh6 22.Be4 Qh5 23.Qd1 Bg4
24.f3 Bc8 25.g4 Qg5 26.Rg2 Bd6 27.Qe2 Rh3 28.Rf1 Qh4 29.Bc3 Ne7 30.f4 Nxd5
31.Bxd5 exf4 32.exf4 Qe7 33.Be4 b6 34.Rg3 Qh4 35.Rxh3 Qxh3 36.f5 Re8 37.Qg2 Qe3+
38.Kh1 Bd7 39.g5 Be5 40.Re1 Qf4 41.Rf1 Qe3 42.Bd2 Qd4 43.Bd5 Rd8 44.g6 Be8
45.Qe4 Qxe4+ 46.dxe4 Rd6 47.Bf4 Bxf4 48.Rxf4 hxg6 49.e5 g5 50.Rg4 Rh6 51.Rxg5 Kf8
52.Kg2 f6 53.exf6 Rxf6 54.Kf3 Rh6 55.Ke4 Rxh2 56.Ke5  1/2-1/2

[Event "7th Gibtelecom Masters"]
[Site "Caleta ENG"]
[Date "2009.02.05"]
[Round "10"]
[White "Nezad,H"]
[Black "Gurevich,M"]
[Result "1/2-1/2"]
[WhiteElo "2403"]
[BlackElo "2624"]

1.e4 e6 2.d4 d5 3.Nd2 Nf6 4.e5 Nfd7 5.Bd3 c5 6.c3 Nc6 7.Ne2 cxd4 8.cxd4 f6
9.exf6 Nxf6 10.Nf3 Qc7 11.O-O Bd6 12.Bg5 O-O 13.Rc1 h6 14.Bd2 Bd7 15.Ng3 Qb6
16.Bc3 Bf4 17.Rc2 Rac8 18.Ne5 Nxe5 19.dxe5 Rxc3 20.bxc3 Bxe5 21.Qe2 Bd6 22.c4 Kh8
23.cxd5 exd5 24.Nf5 Re8 25.Qf3 Be5 26.Re2 Ne4 27.Ng3 Nf6 28.h3 Bd6 29.Rxe8+ Bxe8
30.Nf5 Bf8 31.Re1 Qd8 32.Qf4 Bc6 33.Qe5 Bc5 34.Nh4 Bd7 35.Ng6+ Kg8 36.Nf4 Qe8
37.Nxd5 Qxe5 38.Rxe5 b6 39.Nxf6+ gxf6 40.Rh5 Kg7 41.Bf5 Be8 42.Rh4 Bf7 43.Rg4+ Kf8
44.a4 Be8 45.h4 a6 46.Rc4 Ke7 47.Bc8 a5 48.Re4+ Kd8 49.Ba6 Bc6 50.Rf4 Ke7
51.Bb5 Bd5 52.Rg4 Bf7 53.Re4+ Kd6 54.g4 Be6 55.Kf1 f5 56.gxf5 Bxf5 57.Re8 Bd4
58.Ke2 Bg4+ 59.f3 Be6 60.Rd8+ Kc5 61.h5 Bf6 62.Rf8 Bg7 63.Rb8 Be5 64.Rb7 Bf4
65.Kf2 Bb3 66.Be8 Bd5 67.Rg7 Be6 68.Rg6 Kd5 69.Bf7 Bxf7 70.Rf6 Bxh5 71.Rxf4 Be8
72.Rf6 Kc5 73.Rxh6 Bxa4 74.f4 Bb3 75.Ke3 a4 76.Kd2 a3 77.Rh7 a2 78.Ra7 Kb4
79.Kc1 Kc3 80.Rc7+ Bc4 81.Rxc4+ Kxc4 82.Kb2 Kd4 83.Kxa2 Ke4 84.Kb3 Kxf4 85.Kb4 Kg3
86.Kb5 Kh2 87.Kxb6  1/2-1/2

[Event "24th ICT Acropolis"]
[Site "Chalkida GRE"]
[Date "2009.08.12"]
[Round "3"]
[White "Gurevich,M"]
[Black "Stavrianakis,I"]
[Result "1-0"]
[WhiteElo "2618"]
[BlackElo "2240"]

1.c4 Nf6 2.Nc3 e6 3.d4 Bb4 4.e3 b6 5.Ne2 c5 6.a3 Ba5 7.Rb1 Nc6 8.d5 exd5
9.cxd5 Bxc3+ 10.Nxc3 Ne5 11.e4 d6 12.Be2 O-O 13.O-O Re8 14.f3 Qe7 15.Be3 Ng6
16.Qd2 h6 17.b4 Nh7 18.bxc5 bxc5 19.Rfe1 Ne5 20.f4 Ng4 21.Bxg4 Bxg4 22.f5 f6
23.Bf4 Bh5 24.Qf2 Ng5 25.Qh4 Bf7 26.Qg3 Rad8 27.h4 Nh7 28.Nb5 Rd7 29.Nxd6 Red8
30.Nc4 Kh8 31.Rb5  1-0

[Event "TCh-ISL Div 1 2010-11"]
[Site "Reykjavik ISL"]
[Date "2010.10.08"]
[Round "1.4"]
[White "Gurevich,M"]
[Black "Skousen,N"]
[Result "1-0"]
[WhiteElo "2613"]
[BlackElo "2293"]

1.c4 c5 2.g3 g6 3.Bg2 Bg7 4.Nc3 Nc6 5.a3 Nf6 6.Rb1 a5 7.e4 O-O 8.Nge2 Ne8
9.d3 Nc7 10.Be3 Ne6 11.Nb5 Ned4 12.Nexd4 Nxd4 13.Nxd4 cxd4 14.Bd2 a4 15.h4 h5
16.g4 hxg4 17.Qxg4 d5 18.Qg3 dxc4 19.dxc4 Ra6 20.h5 gxh5 21.Qh4 Rg6 22.Bf3 Be6
23.Qxh5 Re8 24.Qh7+ Kf8 25.Bh5 Bxc4 26.Bxg6 fxg6 27.Qxg6 Qd6 28.Rh8+  1-0